| 000 | 00453cam a2200181ua 4500 | ||
|---|---|---|---|
| 020 | _c3.75 | ||
| 041 |
_aeng _h |
||
| 082 |
_a540 _bSON/PR |
||
| 100 | _aSoni, P L . | ||
| 245 |
_aPre-university and higher secondary chemistry pass book / _cP L Soni. _hTextual Documents |
||
| 250 |
_a3 / _b. |
||
| 260 |
_aNew Delhi : _bS.Chand and Co , _c1965. |
||
| 300 | _a319 ; . | ||
| 365 | _a3.75 | ||
| 504 | _a | ||
| 942 | _cBK | ||
| 999 |
_c10955 _d10955 |
||